000 00726nam a2200277Ia 4500
008 160321s9999||||xx |||||||||||||| ||und||
040 _cEnglish
082 _aXI.A/Finer
082 _bBORI-54751
100 _aHerman Finer
245 4 _aThe Theory And Practice Of Modern Government
300 _a1556
300 _bII
300 _cC
300 _eHardbound
530 _bPatwardhan
530 _u00054225.pdf
563 _aStudy
600 _aHerman Finer
630 _aThe Theory And Practice Of Modern Government
650 _a"Politics ,History + Histography"
650 _aGeneral Indology
700 _aHerman Finer
730 _aThe Theory And Practice Of Modern Government
942 _cBOOK
999 _c1365255
_d1365252